Ramagaatha: (Record no. 37198)

000 -LEADER
fixed length control field 00433nam a22001451a 4500
082 ## - DEWEY DECIMAL CLASSIFICATION NUMBER
Classification number H3
Item number REM/R
100 ## - MAIN ENTRY--AUTHOR NAME
Personal name Remanath Tripathi
245 ## - TITLE STATEMENT
Title Ramagaatha:
Sub Title Valmiki ke eithihasika mahamanava rama ke udhaatth charitra par aadharit oupanyaasika kruthi/
Statement of responsibility, etc by Remanath Tripathi
260 ## - PUBLICATION, DISTRIBUTION, ETC. (IMPRINT)
Place of publication New Delhi:
Name of publisher Rajpal,
Year of publication 1998.
300 ## - PHYSICAL DESCRIPTION
Number of Pages 216p.
650 ## - SUBJECT ADDED ENTRY--TOPICAL TERM
Topical Term Novel Hindi
650 ## - SUBJECT ADDED ENTRY--TOPICAL TERM
Topical Term Literature Hindi
650 ## - SUBJECT ADDED ENTRY--TOPICAL TERM
Topical Term Literature
942 ## - ADDED ENTRY ELEMENTS (KOHA)
Koha item type Book
Holdings
Withdrawn status Lost status Damaged status Not for loan Permanent Location Current Location Date acquired Cost, normal purchase price Full call number Accession Number Cost, replacement price Price effective from Koha item type
        Sree Sankaracharya University of Sanskrit Sree Sankaracharya University of Sanskrit 08.01.2015 150.00 H3 REM/R 017763 0.00 08.01.2015 Book